At the dawn of tyranny (Record no. 789167)

MARC details
000 -LEADER
fixed length control field 00649nam a2200229Ia 4500
003 - CONTROL NUMBER IDENTIFIER
control field OSt
005 - DATE AND TIME OF LATEST TRANSACTION
control field 20220928130942.0
008 - FIXED-LENGTH DATA ELEMENTS--GENERAL INFORMATION
fixed length control field 220927b |||||||| |||| 00| 0 eng d
037 ## - SOURCE OF ACQUISITION
Terms of availability Textual
040 ## - CATALOGING SOURCE
Original cataloging agency SDCL
Transcribing agency SDCL
Language of cataloging eng
041 ## - LANGUAGE CODE
Source of code eng
Language code of text/sound track or separate title eng
100 ## - MAIN ENTRY--PERSONAL NAME
Personal name Sagan Eli
9 (RLIN) 476688
245 #0 - TITLE STATEMENT
Title At the dawn of tyranny
Remainder of title The origins of individualism, political opp ression, and the state
260 ## - PUBLICATION, DISTRIBUTION, ETC.
Place of publication, distribution, etc. London
Name of publisher, distributor, etc. Faber and Faber
Date of publication, distribution, etc. 1985
300 ## - PHYSICAL DESCRIPTION
Extent xxiii,420p
Dimensions cm.
942 ## - ADDED ENTRY ELEMENTS (KOHA)
Classification part V6'M, M5
Koha item type Textual
Source of classification or shelving scheme Colon Classification (CC)
Holdings
Withdrawn status Lost status Damaged status Not for loan Home library Current library Date acquired Total Checkouts Full call number Barcode Date last seen Price effective from Koha item type
        South Campus Library South Campus Library 2022-09-28   V6'M M5 SC0961518 2022-09-28 2022-09-28 Textual
Copyright @ Delhi University Library System